| 000 | 00574nam a2200205 a 4500 | ||
|---|---|---|---|
| 003 | MX-MxUPN | ||
| 005 | 20240613104402.0 | ||
| 008 | 221104s1911 mx |||||r|||| 000 0 spa d | ||
| 040 |
_aMX-MxUPN _bspa _cMX-MxUPN |
||
| 041 | 0 | _aspa | |
| 050 | 1 | 4 |
_aBJ66 _bZ33a 1911 |
| 100 | 1 |
_aZamacois, Miguel de _947270 |
|
| 245 | 1 | 0 | _aElementos de moral |
| 250 | _aNueva edición. | ||
| 260 |
_aMéxico : _bLibrería de la Vda de Ch. Bouret, _c1911. |
||
| 300 | _a72 páginas | ||
| 650 | 4 |
_aÉtica _xEstudio y enseñanza _912687 |
|
| 902 | _aVíctor Ruiz/041122 | ||
| 942 |
_2lcc _cLIBRO |
||
| 999 |
_c209006 _d209006 |
||